| 000 | 02086nam a2200277 a 4500 | ||
|---|---|---|---|
| 001 | 16869147 | ||
| 008 | 180924s2012 ||||||||||||||||| || u | ||
| 010 | _a2011934287 | ||
| 020 | _a9781446202869 | ||
| 020 | _a1446202860 (hbk.) | ||
| 020 | _a1446202879 (pbk.) | ||
| 020 | _a9781446202876 (pbk.) | ||
| 050 | _aLC 4818.38 Har | ||
| 100 | _aHargreaves, Sandra | ||
| 245 | 1 | 0 |
_aStudy skills for students with dyslexia _cedited by Sandra Hargreaves _h[cd-rom] |
| 250 | _a2nd ed. | ||
| 260 |
_aLondon : _bSAGE Publications _c2012 |
||
| 300 | _a 4 3/4 in | ||
| 490 | _aSAGE Study Skills | ||
| 500 | _aAccompanied by textbook | ||
| 505 | _aManaging your workload -- Understanding your preferred learning style -- Note taking and note making -- Reading strategies and speed reading -- Answering essay questions -- Structuring different writing genres -- The dissertation -- Improving your grammar, spelling and punctuation -- Improving mathematics skills and using statistics -- Examination techniques -- Collaborative learning | ||
| 520 | _aFull of advice on topics such as note taking, reading strategies and exam technique, this fully revised and updated new edition will motivate, inspire and guide you through your studies. The advice and tools provided will help you plan your work, improve your skills and boost your confidence. The new edition has: - a new chapter on writing your dissertation - more on spelling - more on using statistics - more on planning and timetabling techniques - more on using technology to help you - expanded advice on preparing and giving presentations Included with the book is a CD Rom that supplies: - an electronic copy of the book - editable planners and other resources - internet links to further information, templates and additional help. This is an essential read for all dyslexic students in further and higher education. | ||
| 650 | 0 | _aSTUDY SKILLS | |
| 650 | 0 | _aDYSLEXICS--EDUCATION (HIGHER) | |
| 995 |
_FCBU-MAIN LIBRARY (Kitwe) _M1 _UAVAILABLE _WSep 24, 2018 _Ze-Media Collection |
||
| 999 |
_c58998 _d58998 |
||